000
00299nam a22001337a 4500
020
_a
9789698535100
082
_a
827
100
_a
Bazmi, Aslam
245
_a
Humorously Yours
260
_a
Islamabad :
_b
NUST Publishing,
_c
2012.
300
_a
134 p. ;
_b
22 cm.
500
_a
Paperback.
942
_c
BK
999
_c
34184
_d
34184